书目信息 |
| 题名: |
国际地球物理年
|
|
| 作者: | 李珩 编著 | |
| 分册: | ||
| 出版信息: | 上海 科学出版社 1959 |
|
| 页数: | 236页 | |
| 开本: | 20cm | |
| 丛书名: | 自然知识丛书 | |
| 单 册: | ||
| 中图分类: | P343.6 | |
| 科图分类: | ||
| 主题词: | 国际地球物理年 , 地球物理学 | |
| 电子资源: | ||
| ISBN: | ||
| 000 | 00811nam2 2200289 45 980 | |
| 001 | 0653100141 | |
| 005 | 20060911144711.01 | |
| 010 | @dCNY1.20 | |
| 091 | @a13031.1005 | |
| 100 | @a19970331d1959 y0chiy0121 ea | |
| 101 | 0 | @achi |
| 102 | @aCN@b310000 | |
| 105 | @afb z 000yy | |
| 106 | @ar | |
| 200 | 10 | @a国际地球物理年@f李珩等编著@e1957-1958@e冰川研究基本方法指南@Aguo ji di qiu wu li nian |
| 210 | @a上海@c科学出版社@d1959 | |
| 215 | @a236页@c图,地图@d20cm | |
| 225 | 2 | @a自然知识丛书 |
| 410 | 0 | @1 20010@a自然知识丛书 |
| 517 | 1 | @a1957-1958 |
| 517 | 1 | @a冰川研究基本方法指南@Abing chuan yan jiu ji ben fang fa zhi nan |
| 606 | @a国际地球物理年 | |
| 606 | 0 | @a地球物理学 |
| 690 | @aP343.6@v3 | |
| 701 | 0 | @a李珩@4编著@Ali heng |
| 801 | 0 | @c20060911 |
| 905 | @a10447@dP343.6@e87 | |
| 国际地球物理年/李珩等编著:1957-1958:冰川研究基本方法指南.-上海:科学出版社,1959 |
| 236页:图,地图;20cm.-(自然知识丛书 ) |
| ISBN :CNY1.20 |
| ● |
| 相关链接 |
|
|
|
|
正题名:国际地球物理年
索取号:P343.6/87
 
预约/预借
| 序号 | 登录号 | 条形码 | 馆藏地/架位号 | 状态 | 备注 |
| 1 | 0470535 | 204705355 | 密集书库/ [索取号:P343.6/87] | 在馆 |